00878nam a2200241 a 45000010005000000030008000050050017000130080041000300200015000710350018000860400025001040410008001290820026001371000054001632450095002172600043003123000025003555040037003806500041004179420012004589990015004709520151004855847BD-RjUL20211208234135.0140107t1965 -cn b 001 0 eng d a0770512925 a(BD-RjUL)5886 aLCbengcLCdBD-RjUL aeng04a352.0080971bROY 19651 aRowat, Donald C.q(Donald Cameron),d1921-91835910aYour local government :ba sketch of the municipal system in Canada /cby Donald C. Rowat. aToronto :bMacmillan of Canada,c1965. aix, 148 p. ;c20 cm. aIncludes index and bibliography. 0aMunicipal governmentzCanada.918360 2ddccBK c5847d5847 00102ddc40718NFICaRUCLbRUCLcreadingd1975-01-16eM. Obaidul Huqueg25.00l0o352.0080971 ROY 1965r2014-01-07 00:00:00tC-1w2021-12-08yBK